000 00262nam a22001217a 4500
008 171202b xxu||||| |||| 00| 0 eng d
041 _aeng
080 _a32
100 _a18
101 _aSHP
245 _aTO SEEK A NEWER WORLD
_cKENNEDY, R.F
942 _2udc
_cBK
999 _c38741
_d38741